Modelo de reactivación urbana: Arquitectura y secuencias de renovación
Gardado en:
| Autor Principal: | |
|---|---|
| Outros autores: | |
| Formato: | Desconocido |
| Idioma: | Spanish |
| Publicado: |
[San José, Costa Rica]
2014
|
| Materias: | |
| Acceso en liña: | https://cedi.ucr.ac.cr/arquitectura/modelo-de-reactivacion-urbana-arquitectura-y-secuencias-de-renovacion/ |
| Etiquetas: |
Engadir etiqueta
Sen Etiquetas, Sexa o primeiro en etiquetar este rexistro!
|
MARC
| LEADER | 00000 a2200000 4500 | ||
|---|---|---|---|
| 003 | EA0096 | ||
| 005 | 20231005160438.0 | ||
| 008 | 140114s2014 cr a 000 ||spa d | ||
| 040 | |c cru CEDI | ||
| 090 | |a TFG EA-096 | ||
| 100 | |a Bermúdez Meneses, Paola Andrea |9 20144 | ||
| 245 | |a Modelo de reactivación urbana: Arquitectura y secuencias de renovación | ||
| 260 | |c 2014 |a [San José, Costa Rica] | ||
| 500 | |a Proyecto de graduación (licenciatura en arquitectura)--Universidad de Costa Rica. Facultad de Ingeniería. Escuela de Arquitectura | ||
| 501 | |a Director del Proyecto de Graduación : Dr Arq. José Enrique Garnier Zamora | ||
| 650 | |x REHABILITACION URBANA - SAN JOSE (COSTA RICA) |x DISEÑO ARQUITECTONICO - SAN JOSE (COSTA RICA) |x ESPACIO URBANO - SAN JOSE (COSTA RICA) |x URBANISMO - COSTA RICA |x ZONAS PEATONALES - DISEÑO |9 20145 | ||
| 700 | |9 72 |a Garnier Zamora, José Enrique, 1957- |d Director del TFG | ||
| 856 | |u https://cedi.ucr.ac.cr/arquitectura/modelo-de-reactivacion-urbana-arquitectura-y-secuencias-de-renovacion/ |y https://cedi.ucr.ac.cr/arquitectura/modelo-de-reactivacion-urbana-arquitectura-y-secuencias-de-renovacion/ | ||
| 942 | |c CEDI |2 ddc | ||
| 999 | |c 12728 |d 12728 | ||
